00410nam a2200157Ia 4500008004100000100001900041245004700060260001200107260001100119260000900130300000700139650001400146942000900160999001500169952006800184160220s9999 xx 000 0 und d10aRajaratna,T.D. aIntroduction to the Chemistry of Chocolate aColombo bIchemc c2015 a40 aChocolate cbook c3177d3177 001070aICbICd2016-02-20l0pS0032r2016-02-20 00:00:00yDIS